Financial Accounting for Business Managers (Record no. 2197)

MARC details
000 -LEADER
fixed length control field 00383nam a2200157Ia 4500
008 - FIXED-LENGTH DATA ELEMENTS--GENERAL INFORMATION
fixed length control field 221030s9999 xx 000 0 und d
020 ## - INTERNATIONAL STANDARD BOOK NUMBER
ISBN 8120319591
041 ## - LANGUAGE CODE
Language code of text/sound track or separate title
082 ## - DEWEY DECIMAL CLASSIFICATION NUMBER
Classification number 105.23
Item number Bha
100 ## - MAIN ENTRY--AUTHOR NAME
Personal name A. K. Bhattacharyya
245 #0 - TITLE STATEMENT
Title Financial Accounting for Business Managers
260 ## - PUBLICATION, DISTRIBUTION, ETC. (IMPRINT)
Name of publisher PHI
Place of publication New Delhi
Year of publication 2004
300 ## - PHYSICAL DESCRIPTION
Number of Pages 487
650 ## - SUBJECT ADDED ENTRY--TOPICAL TERM
Topical Term Management
942 ## - ADDED ENTRY ELEMENTS (KOHA)
Koha item type Books
Holdings
Accession Number Cost, normal purchase price Full call number Price effective from Koha item type Withdrawn / writtenoff status Materials specified (bound volume or other part) Damaged status Not for loan Permanent Location Current Location Shelving location Date acquired Lost/ Missing status department
MBA 417 275.00 105.23 Bha 10/30/2022 Books   Print   Not For Loan MIET Library, Jammu MIET Library, Jammu BL-Second, FL-1, CUP-66, SH-2, R-2 04/04/2005   MBA
MBA 418 275.00 105.23 Bha 10/30/2022 Books   Print     MIET Library, Jammu MIET Library, Jammu BL-Second, FL-1, CUP-62, SH-6, R-6 04/04/2005   MBA